000 00548nam a2200181Ia 4500
008 240925s9999 xx 000 0 und d
020 _a9781435486096
082 _a005.8 SIM
100 _aSimpson, Michael T.; Backman, Kent ; Corley, James E.
245 0 _aHands On Ethical Hacking and Network Defense
250 _a2nd
260 _aAustralia:
_bCENGAGE Learning
_c,2011.
300 _a490p.
_b0
_fOriginal
500 _aIncludes Index
600 _aComputer Science
650 _aComputer science, information & general works
942 _cBK
999 _c14127
_d14127